| 000 | 00774nam a2200277Ia 4500 | ||
|---|---|---|---|
| 003 | OSt | ||
| 005 | 20221006152154.0 | ||
| 006 | a|||||r|||| 00| 0 | ||
| 007 | ta | ||
| 008 | 221006b |||||||| |||| 00| 0 jpn d | ||
| 020 |
_a1910081020608 _c¥2060 |
||
| 020 | _a9784789007443 | ||
| 024 | _a25,340 | ||
| 037 |
_bGift, Japan Foundation _cTextual |
||
| 040 |
_aEASL _cEASL _bjpn |
||
| 041 |
_2jpn _ajpn |
||
| 082 | _aY:1.42.N9, N4 | ||
| 245 | 0 |
_aNihon o hanaso _b 15 no temu de manabu nihon jijo (Aspects of Japanese society) |
|
| 260 |
_aTokyo _bJapan Times Japan _c1994 |
||
| 300 |
_a192p. _ccm. |
||
| 490 | _v FMU | ||
| 650 | _a JL | ||
| 650 | _aFMU | ||
| 942 |
_hY:1.42.N9, N4 _cTEXL _2CC |
||
| 999 |
_c1093426 _d1093426 |
||